000 00555nam a2200193Ia 4500
005 20250507130301.0
008 008 250505s9999 xx 000 0 eng d
037 _aSeries Article
040 _aEASL
_beng
_cEASL
041 _aeng
_2eng
084 _qEASL
100 _aTenzin Jinba Au.
_9673336
245 0 _aGrassroots association on the Sin-tibetan border: The role,Agendas and beyond
260 _aUK
_bUK Cambridge Univesity Press UK
_c2014
300 _a99-121
650 _aChina
942 _cSRA
999 _c1318763
_d1318763